ბათუმის შოთა რუსთაველის სახელმწიფო უნივერსიტეტის ბიბლიოთეკა

დაგვიანებული ერთგულება (ბიბ.ჩანაწერი № 42181)

000 -LEADER
fixed length control field 00809nam a2200241Ia 4500
001 - CONTROL NUMBER
control field 8874
003 - CONTROL NUMBER IDENTIFIER
control field GE_BSU
008 - FIXED-LENGTH DATA ELEMENTS--GENERAL INFORMATION
fixed length control field 181216s||||||||xx |||||||||||||| ||und||
040 ## - CATALOGING SOURCE
Transcribing agency GE_BSU
080 ## - UNIVERSAL DECIMAL CLASSIFICATION NUMBER
Universal Decimal Classification number 821.353.1–32
100 ## - MAIN ENTRY--PERSONAL NAME
Personal name კალაძე,ამირან
245 ## - TITLE STATEMENT
Title დაგვიანებული ერთგულება
245 ## - TITLE STATEMENT
Remainder of title მოთხრობები
245 ## - TITLE STATEMENT
Statement of responsibility, etc. რედ.ნ.გოგოძე;მხატვ.თ. სამსონაძე
250 ## - EDITION STATEMENT
Edition statement 1-ლი გამოც.
260 ## - PUBLICATION, DISTRIBUTION, ETC.
Place of publication, distribution, etc. თბილისი
260 ## - PUBLICATION, DISTRIBUTION, ETC.
Name of publisher, distributor, etc. ნაკადული
260 ## - PUBLICATION, DISTRIBUTION, ETC.
Date of publication, distribution, etc. 1985
300 ## - PHYSICAL DESCRIPTION
Extent 80გვ,16სმ;ილ.
653 ## - INDEX TERM--UNCONTROLLED
Uncontrolled term დაგვიანებული ერთგულება
653 ## - INDEX TERM--UNCONTROLLED
Uncontrolled term მოთხრობები
942 ## - ADDED ENTRY ELEMENTS (KOHA)
Koha item type წიგნი
ეგზემპლარები
Withdrawn status Lost status Damaged status Not for loan Date acquired Barcode Date last seen Price effective from Koha item type
        2018-12-17 31404 2018-12-17 2018-12-17 წიგნი
        2018-12-17 31405 2018-12-17 2018-12-17 წიგნი